• 首页
  • 本馆介绍
  • 公告通知
  • 最新文献
  • 馆藏检索
  • 电子资源
  • 读者导购
  • 参考咨询
  • 我的图书馆
  • 登录
  • 详细信息显示
  • 放入我的书架
  • 预约/预借图书
  • 作者相关作品
  • 分类相关作品
  • 丛书相关作品
  • 出版社相关作品

书目信息

  • 表格格式
  • 工作单格式
  • 卡片格式
题名:
西方经济学
    
 
作者: 高鸿业 主编
分册:   微观部分
出版信息: 北京   中国人民大学出版社  2012
页数: 361页
开本: 26cm
丛书名:
单 册:
中图分类: F0-08
科图分类:
主题词: 西方经济学--高等教育--教材 , 微观经济学--高等教育--教材 , 西方经济学 , 微观经济学
电子资源:
ISBN: 978-7-300-15407-7
000 00974nam0 2200301 450
001 523
005 20140908143411.84
010    @a978-7-300-15407-7@dCNY39.80
100    @a20121027d2012 em y0chiy50 ea
101 0  @achi
102    @aCN@b110000
105    @ay z 000yy
106    @ar
200 1  @a西方经济学@i微观部分@e名师导读版@f高鸿业主编
210    @a北京@c中国人民大学出版社@d2012
215    @a361页@d26cm@e1光盘
300    @a普通高等教育“十一五”国家级规划教材 21世纪经济学系列教材
304    @a教育部高教司组编
307    @a附光盘:ISBN 978-7-900274-65-6
330    @a本书共十一章,介绍了效用论、成本论、完全竞争市场、不完全竞争的市场、一般均衡论和福利经济学、市场失灵和微观经济政策等内容。
606 0  @a西方经济学@x高等教育@j教材
606 0  @a微观经济学@x高等教育@j教材
606 0  @a西方经济学
606 0  @a微观经济学
690    @aF0-08@v5
701  0 @a高鸿业@4主编
801  0 @aCN@bTANGWEI@c20140603
905    @b0842954-56@dF0-08@e426@f3
    
    西方经济学.微观部分:名师导读版/高鸿业主编.-北京:中国人民大学出版社,2012
    361页;26cm+1光盘
    普通高等教育“十一五”国家级规划教材 21世纪经济学系列教材
    
    ISBN 978-7-300-15407-7:CNY39.80
    本书共十一章,介绍了效用论、成本论、完全竞争市场、不完全竞争的市场、一般均衡论和福利经济学、市场失灵和微观经济政策等内容。
●
相关链接 在E读中查询图书 在五车中查询图书 在当当中查询图书 在豆瓣中查询图书


正题名:西方经济学     索取号:F0-08/426         预约/预借

序号 登录号 条形码 馆藏地/架位号 状态 备注
1 0842954   208429547   第一样本阅览室/ [索取号:F0-08/426] 在馆    
2 0842955   208429556   密集书库-海洋学院/ [索取号:F0-08/426] 在馆    
3 0842956   208429565   第一借阅区/ [索取号:F0-08/426] 在馆    
唐山师范学院图书馆 欢迎您!
大连网信软件有限公司© 版权所有